Champion de France de Volley-ball Féminin - Statistiques

Statistiques générales
  • Ce quiz a été pris 4 fois
  • Le résultat moyen est 5 sur 15
Statistiques - réponses
Question Réponse % Correct
Qui a été champion en 2025 ? Levallois Paris SC
75%
Qui a été champion en 2020 ? Non attribué
75%
Qui a été champion en 2019 ? RC Cannes
75%
Qui a été champion en 2023 ? Le Cannet
50%
Qui a été champion en 2024 ? Levallois Paris SC
50%
Qui a été champion en 2015 ? RC Cannes
50%
Qui a été champion en 2014 ? RC Cannes
50%
Qui a été champion en 2012 ? RC Cannes
50%
Qui a été champion en 2013 ? RC Cannes
25%
Qui a été champion en 2011 ? RC Cannes
25%
Qui a été champion en 2018 ? Béziers
0%
Qui a été champion en 2022 ? Le Cannet
0%
Qui a été champion en 2021 ? Mulhouse
0%
Qui a été champion en 2017 ? Mulhouse
0%
Qui a été champion en 2016 ? Saint-Raphaël
0%
Aucun quiz correspondant
Distribution des résultats
% des personnes avec chaque résultat
Percentile par nombre de réponses
Votre historique - résultats
Vous n’avez pas pris ce quiz